| 000 | 01450nam0a2200277 4500 | ||
|---|---|---|---|
| 001 | RU\NLR\BIBL_A\012455889 | ||
| 005 | 20250624040400.0 | ||
| 035 | _a(NLR Aleph) 012455889 | ||
| 090 |
_a11998932 _c11998932 |
||
| 100 | _a20110630d1926 |||y0rusy50 ca | ||
| 101 | 0 | _aukr | |
| 102 | _aRU | ||
| 105 | _aa z 1|||| | ||
| 200 | 1 |
_aПро затвердження балансу Украінськоі Республіканськоі промисловости на 1/X 24 р. _eдодаток до протокола № 51 засідання Президії ВРНГ УСРР з 12/V-26 р. |
|
| 210 |
_aБ.м. _cб.и. _d[1926] |
||
| 215 |
_a48 с., 2 л. табл. _d25 |
||
| 309 | _aБез тит.л. и обл. | ||
| 541 | 1 |
_aОб утверждении баланса Украинской Республиканской промышленности на 1/X 24 г. _eприложение к протоколу № 51 заседания Президиума ВСНХ УССР от 12/V-26 г. _zrus |
|
| 606 | 1 |
_aПромышленность _xИстория _yУкраинская ССР _91973865 _3RU\NLR\AUTH\66904766 |
|
| 686 | 3 | _aУ30(2Ук) | |
| 710 | 0 | 1 |
_7ca _8ukr _aУРСР _bВища рада народного господарства _bПрезидiя _9735770 _3RU\NLR\AUTH\880536408 |
| 801 | 0 |
_aRU _bNLR _gpsbo |
|
| 852 |
_aNLR _j97/1111 |
||
| 942 | _cBOOK | ||
| 980 | _aNB | ||